[Event "Moscow Open C University Men"]
[Site "Moscow RUS"]
[Date "2011.02.04"]
[Round "7.6"]
[White "Evdokimov, Alexander A."]
[Black "Gutenev, Alexander"]
[Result "1-0"]
[WhiteTitle "GM"]
[BlackTitle "FM"]
[WhiteElo "2551"]
[BlackElo "2328"]
[WhiteFideId "4139275"]
[BlackFideId "4195540"]
[EventDate "2011.01.29"]

1. d4 Nf6 2. c4 g6 3. Nc3 d5 4. Nf3 Bg7 5. Qb3 dxc4 6. Qxc4 O-O 7. e4 a6 8. Be2
b5 9. Qb3 c5 10. dxc5 Bb7 11. e5 Nfd7 12. Be3 Nxe5 13. Nxe5 Bxe5 14. O-O Nc6 15.
Rfd1 Nd4 16. Bxd4 Bxd4 17. Bf1 e5 18. Ne2 Qf6 19. Nxd4 exd4 20. a4 Bc6 21. axb5
axb5 22. Qd3 Rxa1 23. Rxa1 Qe5 24. b4 Qd5 25. Rd1 Rd8 26. Qg3 Kg7 27. Qf4 Rd7
28. Rd2 Rd8 29. h3 Rd7 30. h4 h5 31. f3 Rd8 32. Bd3 Qd7 33. Qe5+ Kg8 34. Re2 Ra8
35. Qf6 Qd5 36. Be4 Qc4 37. Bxc6 Qxe2 38. Bxa8 Qe1+ 39. Kh2 d3 40. Bd5 1-0

[Event "Moscow Open C University Men"]
[Site "Moscow RUS"]
[Date "2011.02.04"]
[Round "7.7"]
[White "Polschikov, Alexey"]
[Black "Nakhapetiane, Pogos"]
[Result "1/2-1/2"]
[WhiteTitle "FM"]
[BlackTitle "FM"]
[WhiteElo "2380"]
[BlackElo "2469"]
[WhiteFideId "24130583"]
[BlackFideId "4166728"]
[EventDate "2011.01.29"]

1. d4 Nf6 2. c4 e6 3. Nf3 d5 4. Nc3 Bb4 5. cxd5 exd5 6. Bg5 Nbd7 7. e3 O-O 8.
Bd3 c5 9. O-O Bxc3 10. bxc3 c4 11. Bf5 Qa5 12. Qc2 g6 13. Bxd7 Nxd7 14. e4 f6
15. Bh6 Re8 16. Rfe1 b6 17. e5 fxe5 18. Nxe5 Nxe5 19. dxe5 Bf5 20. Qd2 Qc5 21.
h4 Re6 22. Be3 Qc7 23. Bd4 Qe7 24. Qf4 Rf8 25. Qg3 Bd3 26. f3 Rf5 27. Qf2 h5 28.
a4 a6 29. Bxb6 g5 30. hxg5 Rxg5 31. Be3 Rgxe5 32. Bd2 Re2 33. Rxe2 Rxe2 34. Qg3+
Kh7 35. Re1 Qc5+ 36. Kh1 Rxd2 37. Qg5 Re2 38. Qxh5+ Kg7 39. Rxe2 Bxe2 40. Qe5+
Kf7 41. Qxe2 d4 42. Qd2 d3 43. g4 Kg6 44. Kg2 Qg5 1/2-1/2

[Event "Moscow Open C University Men"]
[Site "Moscow RUS"]
[Date "2011.02.04"]
[Round "7.8"]
[White "Aldokhin, Ivan"]
[Black "Nozdrachev, Vladislav"]
[Result "0-1"]
[WhiteTitle "IM"]
[BlackTitle "FM"]
[WhiteElo "2391"]
[BlackElo "2438"]
[WhiteFideId "24115720"]
[BlackFideId "24113441"]
[EventDate "2011.01.29"]

1. Nf3 Nf6 2. d4 c5 3. dxc5 e6 4. Nc3 Bxc5 5. e3 d5 6. Bd3 Nc6 7. O-O e5 8. e4
d4 9. Ne2 Bg4 10. Ng3 O-O 11. h3 Bc8 12. Qe2 Re8 13. a3 a6 14. Nh2 Ne7 15. Ng4
Nxg4 16. hxg4 Ng6 17. Nf5 Nf4 18. Bxf4 exf4 19. Qf3 Qg5 20. g3 Bxf5 21. exf5 Bd6
22. Bc4 Kh8 23. gxf4 Bxf4 24. Rfe1 Rec8 25. Bb3 g6 26. Re4 Bc1 27. Rb1 d3 28.
cxd3 Rc5 29. d4 Rxf5 30. Qg3 Bf4 31. Qg2 Rf6 32. Rbe1 Kg7 33. Re7 Rc8 34. Rxb7
Bd6 35. Qe4 Qh4 36. Rxf7+ Rxf7 37. Bxf7 Rf8 38. Qg2 Rxf7 39. Re6 Bh2+ 40. Kf1
Bg3 41. Re2 Qxg4 42. Ke1 Qf4 0-1

[Event "Moscow Open C University Men"]
[Site "Moscow RUS"]
[Date "2011.02.04"]
[Round "7.9"]
[White "Sharafiev, Azat"]
[Black "Koreschikov, Maxim"]
[Result "1-0"]
[WhiteTitle "FM"]
[BlackTitle "FM"]
[WhiteElo "2462"]
[BlackElo "2309"]
[WhiteFideId "4186214"]
[BlackFideId "24103900"]
[EventDate "2011.01.29"]

1. d4 d5 2. c4 c6 3. Nc3 Nf6 4. Nf3 e6 5. Bg5 h6 6. Bh4 dxc4 7. e4 g5 8. Bg3 Bb4
9. Bxc4 Nxe4 10. O-O Bxc3 11. bxc3 Nxc3 12. Qc2 Nd5 13. Rfe1 O-O 14. h4 Kg7 15.
hxg5 hxg5 16. Be5+ Kh6 17. g3 1-0

[Event "Moscow Open C University Men"]
[Site "Moscow RUS"]
[Date "2011.02.04"]
[Round "7.10"]
[White "Rakhimgaliyev, Yerlan"]
[Black "Matsenko, Sergei"]
[Result "1/2-1/2"]
[WhiteTitle "FM"]
[BlackTitle "IM"]
[WhiteElo "2320"]
[BlackElo "2475"]
[WhiteFideId "13705148"]
[BlackFideId "4170083"]
[EventDate "2011.01.29"]

1. e4 c5 2. c3 Nf6 3. e5 Nd5 4. Nf3 Nc6 5. d4 cxd4 6. Bc4 Nb6 7. Bb3 d5 8. exd6
Qxd6 9. O-O Be6 10. Na3 dxc3 11. Nb5 Qxd1 12. Rxd1 Rc8 13. Bxe6 fxe6 14. bxc3
Nc4 15. Re1 e5 16. Na3 Nd6 17. Nxe5 Nxe5 18. Rxe5 Rxc3 19. Nb5 Nxb5 20. Rxb5 b6
21. a4 e6 22. a5 Bc5 23. axb6 axb6 24. Bd2 Rd3 25. Be3 Bxe3 26. fxe3 O-O 27.
Rxb6 Rxe3 28. g3 Re2 29. Rb7 Rd8 30. Rf1 h5 31. Rf2 Rxf2 32. Kxf2 Kh7 33. Rb6
Re8 34. Ke3 Kg6 35. Rb5 Rf8 36. Re5 Rf6 37. h4 Kh6 38. Ke4 g6 39. Rb5 Rf1 40.
Re5 Rf6 41. Rb5 Kg7 42. Rb6 Kh6 43. Rb5 Rf7 44. Rb6 Re7 45. Ke5 Ra7 46. Rxe6 Ra4
47. Rd6 1/2-1/2

[Event "Moscow Open C University Men"]
[Site "Moscow RUS"]
[Date "2011.02.04"]
[Round "7.11"]
[White "Efanov, Nikolai"]
[Black "Kurukin, Dmitry"]
[Result "1/2-1/2"]
[WhiteTitle "IM"]
[WhiteElo "2421"]
[BlackElo "2313"]
[WhiteFideId "4187997"]
[BlackFideId "24113174"]
[EventDate "2011.01.29"]

1. e4 e5 2. Nf3 Nc6 3. Bb5 Nf6 4. O-O Nxe4 5. d4 Nd6 6. Bxc6 dxc6 7. dxe5 Nf5 8.
Qxd8+ Kxd8 9. Nc3 Bd7 10. Rd1 Kc8 11. Ng5 Be6 12. Ne2 Bd5 13. Nf4 h6 14. Nxd5
hxg5 15. Nc3 f6 16. Ne4 Be7 17. Bd2 b6 18. Bc3 Rf8 19. Rd3 Kb7 20. Rad1 Rae8 21.
f3 Nh4 22. exf6 gxf6 23. Be1 Ng6 24. Bg3 f5 25. Nc3 Rf7 26. Re1 Rh8 27. h3 Bc5+
28. Kf1 b5 29. Re6 Rg8 30. Ke1 Nf8 31. Re8 1/2-1/2

[Event "Moscow Open C University Men"]
[Site "Moscow RUS"]
[Date "2011.02.04"]
[Round "7.12"]
[White "Piskun, Alexey"]
[Black "Yaksin, Oleg"]
[Result "0-1"]
[WhiteElo "2213"]
[BlackElo "2410"]
[WhiteFideId "24105511"]
[BlackFideId "24105880"]
[EventDate "2011.01.29"]

1. e4 c5 2. Nf3 d6 3. d4 cxd4 4. Nxd4 Nf6 5. f3 e5 6. Nb3 Be6 7. Bg5 Be7 8. c4
a5 9. Nc3 a4 10. Nd2 Qa5 11. Rb1 Nc6 12. Be2 Ng4 13. Bxe7 Ne3 14. Qxa4 Qxa4 15.
Nxa4 Kxe7 16. Nc3 Nxg2+ 17. Kf2 Nf4 18. a3 Nd4 19. Rhd1 f5 20. Bf1 Rhf8 21. Ke3
Rac8 22. Rbc1 fxe4 23. Ncxe4 b6 24. Rc3 h6 25. Rdc1 d5 26. Ng3 h5 27. Kf2 h4 28.
Ne2 Ndxe2 29. Bxe2 d4 30. Rb3 e4 31. Nxe4 Nxe2 32. Re1 Nf4 33. Ng5 Rxc4 34. Nxe6
Rc2+ 35. Kg1 Nxe6 36. Rxb6 Rf6 37. f4 d3 0-1

[Event "Moscow Open C University Men"]
[Site "Moscow RUS"]
[Date "2011.02.04"]
[Round "7.13"]
[White "Omariev, Maksim"]
[Black "Vetryansky, Vladimir"]
[Result "1/2-1/2"]
[WhiteTitle "FM"]
[WhiteElo "2335"]
[BlackElo "2244"]
[WhiteFideId "4193423"]
[BlackFideId "24118613"]
[EventDate "2011.01.29"]

1. e4 e5 2. Nf3 Nc6 3. Bb5 Nf6 4. O-O Nxe4 5. Re1 Nd6 6. Nxe5 Nxe5 7. Rxe5+ Be7
8. Bf1 O-O 9. d4 Bf6 10. Re1 Nf5 11. d5 d6 12. Nd2 Ne7 13. Ne4 Ng6 14. a4 Bf5
15. g3 Re8 16. Bg2 Ne5 17. Ra3 Bg4 18. f3 Bd7 19. Qe2 Be7 20. f4 Bg4 21. Qb5 Nd7
22. Qxb7 Nb6 23. Qa6 Nxd5 24. Nf2 Nb4 25. Qf1 Nxc2 26. Bxa8 Qxa8 27. Nxg4 Nxe1
28. Qxe1 d5 29. Rc3 Bc5+ 30. Be3 Bb4 31. Qc1 Bxc3 32. Qxc3 Re4 33. Bd4 1/2-1/2

[Event "Moscow Open C University Men"]
[Site "Moscow RUS"]
[Date "2011.02.04"]
[Round "7.14"]
[White "Shlegin, Stanislav"]
[Black "Chizhikov, Vladislav"]
[Result "0-1"]
[WhiteTitle "FM"]
[WhiteElo "2326"]
[BlackElo "2225"]
[WhiteFideId "24112089"]
[BlackFideId "4178157"]
[EventDate "2011.01.29"]

1. e4 e6 2. d4 d5 3. Nc3 Bb4 4. exd5 exd5 5. Qf3 Nc6 6. Be3 Be6 7. Bd3 Nge7 8.
Ne2 Qd7 9. h3 Bf5 10. O-O-O Bxd3 11. Rxd3 O-O 12. g4 Na5 13. Kb1 Nc4 14. Bc1 c6
15. h4 Rae8 16. h5 f5 17. g5 Nc8 18. Nf4 N8d6 19. Qg2 Ne4 20. Nce2 Qd8 21. c3
Bd6 22. Rg1 Bxf4 23. Nxf4 Ned6 24. Rh3 Re4 25. f3 Ree8 26. b3 Nb6 27. Ng6 Rf7
28. Bf4 Nb5 29. Ne5 Rfe7 30. Qd2 Nd7 31. g6 h6 32. a4 Nxe5 33. Bxe5 Nd6 34. Qf4
Qb6 35. Rg2 Qxb3+ 36. Rb2 Qd1+ 37. Qc1 Qxc1+ 38. Kxc1 Nc4 39. Rb3 f4 40. Rh4 Rf8
41. Rxf4 Rxf4 0-1

[Event "Moscow Open C University Men"]
[Site "Moscow RUS"]
[Date "2011.02.04"]
[Round "7.15"]
[White "Shukh, Nikolai"]
[Black "Rozhkov, Vecheslav"]
[Result "1-0"]
[WhiteTitle "IM"]
[WhiteElo "2442"]
[BlackElo "2268"]
[WhiteFideId "24102580"]
[BlackFideId "4181484"]
[EventDate "2011.01.29"]

1. e4 c5 2. Nf3 d6 3. d4 cxd4 4. Nxd4 Nf6 5. Nc3 a6 6. Bg5 e6 7. f4 Nbd7 8. Qf3
Qc7 9. O-O-O b5 10. Bd3 Bb7 11. Rhe1 O-O-O 12. f5 e5 13. Nb3 Be7 14. a4 bxa4 15.
Nxa4 Kb8 16. Qf1 Rc8 17. Nc3 d5 18. exd5 Ba3 19. Bd2 Nxd5 20. Kb1 Qb6 21. Nxd5
Bxd5 22. Ba5 Qc6 23. bxa3 e4 24. Bxe4 1-0

[Event "Moscow Open C University Men"]
[Site "Moscow RUS"]
[Date "2011.02.04"]
[Round "7.16"]
[White "Barsamian, Eduard"]
[Black "Turutin, Alexander"]
[Result "1/2-1/2"]
[BlackTitle "FM"]
[WhiteElo "2213"]
[BlackElo "2408"]
[WhiteFideId "24102016"]
[BlackFideId "4180623"]
[EventDate "2011.01.29"]

1. d4 Nf6 2. c4 g6 3. Nc3 Bg7 4. e4 O-O 5. f3 d6 6. Be3 a6 7. Qd2 Nbd7 8. Nge2
c5 9. d5 Ne5 10. Nc1 e6 11. a4 exd5 12. cxd5 Bd7 13. Be2 Ne8 14. O-O Nc7 15. Rb1
b5 16. b3 bxa4 17. bxa4 Rb8 18. N1a2 Qe7 19. h3 f5 20. Rfd1 fxe4 21. Rxb8 Rxb8
22. fxe4 Qe8 23. Qc2 a5 24. Rb1 Rb4 25. Nxb4 axb4 26. a5 bxc3 27. Rb7 Nxd5 28.
Qb3 c4 29. Bxc4 Nxc4 30. Qxc4 Be6 31. exd5 Bc8 32. Rxg7+ Kxg7 33. Qxc3+ Kf7 34.
Bh6 Qe7 35. Qh8 Qe1+ 36. Kh2 Qe5+ 37. Qxe5 dxe5 38. Kg3 Ke7 39. Kf3 1/2-1/2

[Event "Moscow Open C University Men"]
[Site "Moscow RUS"]
[Date "2011.02.04"]
[Round "7.17"]
[White "Zimin, Alexey"]
[Black "Dimukhametov, Artur"]
[Result "1-0"]
[BlackTitle "FM"]
[WhiteElo "2208"]
[BlackElo "2354"]
[WhiteFideId "4168925"]
[BlackFideId "4195680"]
[EventDate "2011.01.29"]

1. e4 e6 2. f4 b6 3. Nf3 g6 4. d4 Bb7 5. Bd3 d5 6. e5 c5 7. c3 Nc6 8. Be3 Nh6 9.
O-O Ng4 10. Bd2 h5 11. h3 Nh6 12. Be1 Be7 13. Bf2 h4 14. Nbd2 Nf5 15. a3 Qd7 16.
b4 c4 17. Bxf5 exf5 18. Ng5 Nd8 19. Qe1 a5 20. Ndf3 Ne6 21. Nxe6 fxe6 22. bxa5
Rxa5 23. Bxh4 Bxa3 24. Bf6 Rh6 25. Rf2 Bc6 26. Ng5 Be7 27. Rb2 Qa7 28. Rxa5 bxa5
29. Qb1 Kd7 30. Rb8 a4 31. Bxe7 Kxe7 32. Qb4+ 1-0

[Event "Moscow Open C University Men"]
[Site "Moscow RUS"]
[Date "2011.02.04"]
[Round "7.18"]
[White "Tilicheev, Viacheslav"]
[Black "Kretov, Evgueij"]
[Result "1-0"]
[WhiteTitle "FM"]
[WhiteElo "2338"]
[BlackElo "2210"]
[WhiteFideId "24114928"]
[BlackFideId "4167821"]
[EventDate "2011.01.29"]

1. d4 Nf6 2. c4 e6 3. Nf3 d5 4. g3 Bb4+ 5. Bd2 Be7 6. Bg2 O-O 7. O-O c6 8. Qc2
Nbd7 9. Rd1 b6 10. Bf4 Ba6 11. b3 Rc8 12. a4 c5 13. Na3 cxd4 14. Nb5 dxc4 15.
bxc4 Nd5 16. Nfxd4 Nb4 17. Qb3 e5 18. Nf5 exf4 19. Bh3 Bxb5 20. axb5 Rc7 21.
Nxe7+ Qxe7 22. Rxd7 Rxd7 23. Bxd7 Qxd7 24. Qxb4 Qe6 25. Rxa7 Qxe2 26. Re7 Qd1+
27. Qe1 Qb3 28. Re8 f3 29. h4 h6 30. Re4 Rd8 31. Kh2 Qc2 32. Rf4 Qd3 33. Qe7 Rd7
34. Qe8+ Kh7 35. h5 f6 36. Re4 Rf7 37. Qxf7 Qxe4 38. Qg6+ Qxg6 39. hxg6+ Kxg6
40. c5 1-0

[Event "Moscow Open C University Men"]
[Site "Moscow RUS"]
[Date "2011.02.04"]
[Round "7.19"]
[White "Khmara, Maxim"]
[Black "Dusenov, Ruslan"]
[Result "0-1"]
[WhiteElo "2132"]
[BlackElo "2285"]
[WhiteFideId "4177681"]
[BlackFideId "4160770"]
[EventDate "2011.01.29"]

1. e4 c5 2. d3 Nc6 3. g3 g6 4. Bg2 Bg7 5. f4 d6 6. Nf3 Nf6 7. O-O O-O 8. h3 c4
9. e5 dxe5 10. fxe5 Nxe5 11. Nxe5 Qd4+ 12. Kh2 Qxe5 13. dxc4 Nh5 14. Qe1 Be6 15.
Nd2 Qc7 16. Rf3 Rad8 17. c3 Be5 18. Re3 f6 19. Be4 Bxc4 20. Nxc4 Qxc4 21. Kg2
Qc7 22. Rf3 f5 23. Bc2 f4 24. g4 Ng7 25. Qe4 Bd6 26. Bd2 e5 27. Bb3+ Kh8 28. Bd5
Ne8 29. g5 Ng7 30. h4 Nf5 31. Rh1 Ng3 32. Rxg3 fxg3 33. Kxg3 Qd7 34. h5 gxh5 35.
Rxh5 Qf5 36. Qxf5 Rxf5 37. Be4 Rf7 38. g6 Rc7 39. gxh7 Rf8 40. Bh6 Rf1 41. Rh4
Rcf7 42. Kh3 Re1 43. Bg5 Be7 44. Bxe7 Re3+ 45. Kg2 Re2+ 46. Kh3 Rxe7 47. Rg4 Rg7
48. Bg6 Rxb2 0-1

[Event "Moscow Open C University Men"]
[Site "Moscow RUS"]
[Date "2011.02.04"]
[Round "7.20"]
[White "Oganisjn, Roman"]
[Black "Borisovsky, Viktor"]
[Result "1/2-1/2"]
[WhiteElo "2293"]
[BlackElo "2118"]
[WhiteFideId "4153006"]
[BlackFideId "24131768"]
[EventDate "2011.01.29"]

1. e4 c5 2. Nf3 d6 3. b3 Nc6 4. Bb2 e5 5. g3 g6 6. Bg2 Bg7 7. O-O Nge7 8. d3 O-O
9. Nh4 g5 10. Nf3 Ng6 11. Nc3 Nd4 12. Nd5 g4 13. Nxd4 cxd4 14. c3 Be6 15. Rc1
Bxd5 16. exd5 dxc3 17. Bxc3 f5 18. Rc2 Rc8 19. Bb4 Qb6 20. Ba3 Ne7 21. Rc4 Qa6
22. Ra4 Qb6 23. Qd2 h6 24. Qa5 Qxa5 25. Rxa5 Rfd8 26. Rxa7 Rd7 27. Rc1 Rxc1+ 28.
Bxc1 Rc7 29. Ba3 Nc8 30. Ra4 b5 31. Ra5 f4 32. Be4 b4 33. Bxb4 Rc1+ 34. Kg2 f3+
35. Bxf3 gxf3+ 36. Kxf3 Kf7 37. Ra6 Rd1 38. Ke4 Ke7 39. Rc6 Kd7 40. Ba5 Ne7 41.
Rc7+ Ke8 42. Bb4 Bf8 43. a4 Kd8 44. Rb7 Kc8 45. Rb6 Kc7 46. Rxd6 Nxd5 47. Rxd5
Bxb4 48. Rxe5 Rd2 49. Rf5 Rb2 50. h4 Be1 51. Rf7+ Kd8 52. g4 1/2-1/2

[Event "Moscow Open C University Men"]
[Site "Moscow RUS"]
[Date "2011.02.04"]
[Round "7.21"]
[White "Anfinogenov, Artem"]
[Black "Dzhumaev, Almir"]
[Result "1/2-1/2"]
[WhiteElo "2068"]
[BlackElo "2226"]
[WhiteFideId "4197461"]
[BlackFideId "24169544"]
[EventDate "2011.01.29"]

1. e4 e5 2. Nf3 Nc6 3. d4 exd4 4. Nxd4 Bc5 5. Nxc6 Qf6 6. Qf3 Qxf3 7. gxf3 bxc6
8. Nc3 Rb8 9. Bc4 Ne7 10. Be3 Bb6 11. O-O-O d6 12. Rhg1 Ng6 13. a4 Be6 14. Be2
f5 15. h4 O-O 16. h5 Bxe3+ 17. fxe3 Ne5 18. f4 Nd7 19. exf5 Bxf5 20. e4 Be6 21.
f5 Bf7 22. Rg2 Kh8 23. Rdg1 Rg8 24. Bd1 Nf6 25. Rh2 Rbe8 26. Bf3 Re5 27. Ne2
Nxe4 28. Nf4 Nf6 29. Ng6+ Bxg6 30. hxg6 h6 31. Bxc6 Rc5 32. Bb5 Rxf5 33. Re2 Re5
34. Rxe5 dxe5 35. Re1 e4 36. Re3 Rd8 37. b4 Kg8 38. Rc3 Nd5 39. Bc4 Kf8 40. Bxd5
Rxd5 41. a5 Rd6 42. Rxc7 e3 43. Rf7+ Ke8 44. Rf3 Re6 45. Kd1 Rxg6 46. Rxe3+ Kd7
47. Re5 Kd6 48. Rc5 Re6 49. c4 a6 50. Kd2 g5 51. Rd5+ Kc6 52. Rd8 1/2-1/2

[Event "Moscow Open C University Men"]
[Site "Moscow RUS"]
[Date "2011.02.04"]
[Round "7.22"]
[White "Tiukaev, Ilgiz"]
[Black "Edzhibia, David"]
[Result "1/2-1/2"]
[WhiteElo "2117"]
[BlackElo "2054"]
[WhiteFideId "14201305"]
[BlackFideId "24109851"]
[EventDate "2011.01.29"]

1. e4 c5 2. Nc3 d6 3. g3 g6 4. Bg2 Bg7 5. d3 Nc6 6. Bg5 h6 7. Be3 Nf6 8. h3 Qb6
9. Rb1 Nd4 10. Nf3 e5 11. O-O O-O 12. Nh2 Be6 13. b3 Qa5 14. Bd2 Qc7 15. Ne2 Qd7
16. h4 Bh3 17. c3 Bxg2 18. Kxg2 Nxe2 19. Qxe2 d5 20. Rbd1 Qc6 21. f3 Rad8 22. c4
dxc4 23. dxc4 Rd7 24. Bc3 Rfd8 25. Bxe5 Nxe4 26. Rxd7 Rxd7 27. Qxe4 Qxe4 28.
fxe4 Bxe5 29. Ng4 Rd2+ 30. Rf2 Rxf2+ 31. Nxf2 Kg7 32. Nd3 Bd4 1/2-1/2

[Event "Moscow Open C University Men"]
[Site "Moscow RUS"]
[Date "2011.02.04"]
[Round "7.23"]
[White "Grinenko, Viktor"]
[Black "Kartsev, Sergei"]
[Result "1/2-1/2"]
[WhiteElo "1981"]
[BlackElo "2112"]
[WhiteFideId "4110609"]
[BlackFideId "24103853"]
[EventDate "2011.01.29"]

1. d4 d5 2. c4 c6 3. Nf3 Nf6 4. Nc3 dxc4 5. a4 Bf5 6. e3 e6 7. Bxc4 Bb4 8. O-O
O-O 9. Qe2 Bg4 10. h3 Bh5 11. Rd1 Qa5 12. Bd2 Nbd7 13. e4 Nb6 14. Bd3 e5 15. g4
Nxg4 16. hxg4 Bxg4 17. dxe5 Nd7 18. Bf4 Rae8 19. Bc4 Nxe5 20. Bxe5 Rxe5 21. Qd3
Bxc3 22. bxc3 Rh5 23. Rab1 Rh3 24. Bxf7+ Rxf7 25. Qd8+ Qxd8 26. Rxd8+ Rf8 27.
Rxf8+ Kxf8 28. Ne5 Bc8 29. Nxc6 1/2-1/2

[Event "Moscow Open C University Men"]
[Site "Moscow RUS"]
[Date "2011.02.04"]
[Round "7.24"]
[White "Guseinov, Djelal"]
[Black "Shefer, Alexander"]
[Result "0-1"]
[WhiteElo "1997"]
[BlackElo "2202"]
[WhiteFideId "4106571"]
[BlackFideId "4198581"]
[EventDate "2011.01.29"]

1. Nf3 Nf6 2. c4 e6 3. Nc3 Bb4 4. Qc2 O-O 5. a3 Bxc3 6. Qxc3 b6 7. e3 Bb7 8. Be2
d5 9. b4 dxc4 10. Qxc4 Nbd7 11. Bb2 c5 12. b5 a6 13. a4 axb5 14. axb5 Rxa1+ 15.
Bxa1 Qe7 16. O-O e5 17. Qc3 e4 18. Ne5 Nxe5 19. Qxe5 Qxe5 20. Bxe5 Rd8 21. Rd1
Ne8 22. d3 exd3 23. Rxd3 Rxd3 24. Bxd3 g6 25. Bb8 Nf6 26. Ba7 Nd7 27. Bc4 Kf8
28. f3 Ke7 29. e4 f6 30. Kf2 h6 31. Ke3 g5 32. f4 Kd6 33. g3 Kc7 34. Be6 Bc8 35.
Bd5 Nf8 36. e5 fxe5 37. fxg5 hxg5 38. h4 gxh4 39. gxh4 Bf5 40. h5 Nh7 41. h6 Nf6
42. Bf3 Ng8 43. Kd2 Nxh6 44. Kc3 e4 45. Be2 Kb7 46. Bxb6 Kxb6 47. Kd2 0-1

[Event "Moscow Open C University Men"]
[Site "Moscow RUS"]
[Date "2011.02.04"]
[Round "7.25"]
[White "Myshkin, Nikita"]
[Black "Kuzin, Sergey"]
[Result "1-0"]
[WhiteElo "2174"]
[BlackElo "2028"]
[WhiteFideId "4124561"]
[BlackFideId "24124796"]
[EventDate "2011.01.29"]

1. d4 d5 2. Nf3 Nf6 3. c4 e6 4. g3 Nc6 5. Bg2 Bb4+ 6. Bd2 Be7 7. Qc2 O-O 8. O-O
h6 9. Rd1 a6 10. a3 Ne4 11. Be1 f5 12. b4 Bf6 13. Qb3 Ne7 14. Nc3 Bd7 15. Ne5
Be8 16. Nxe4 dxe4 17. f3 exf3 18. exf3 f4 19. gxf4 Kh8 20. Bh3 Nf5 21. Bxf5 exf5
22. Ra2 Bh4 23. Bxh4 Qxh4 24. Qe3 Rd8 25. Rg2 b5 26. c5 Kh7 27. d5 Rf6 28. Rgd2
g5 29. Rd4 Bd7 30. Kh1 Qh5 31. Rg1 g4 32. d6 cxd6 33. cxd6 gxf3 34. Rgd1 Re6 35.
Rc1 Bc8 36. Rc7+ Bd7 37. Qxf3 Qh4 38. Qg3 Qf6 39. Nxd7 Re1+ 40. Qxe1 Qxd4 41.
Nf6+ 1-0

[Event "Moscow Open C University Men"]
[Site "Moscow RUS"]
[Date "2011.02.04"]
[Round "7.26"]
[White "Protasov, Alexey"]
[Black "Vorobjev, Dmitry"]
[Result "0-1"]
[WhiteElo "1914"]
[BlackElo "2154"]
[WhiteFideId "24114561"]
[BlackFideId "24112178"]
[EventDate "2011.01.29"]

1. d4 Nf6 2. c4 g6 3. f3 Bg7 4. e4 O-O 5. Bd3 d6 6. Ne2 Nc6 7. Nbc3 Nd7 8. Be3
e5 9. d5 Nd4 10. Bxd4 exd4 11. Nb5 Ne5 12. Nbxd4 c5 13. dxc6 Qa5+ 14. Kf1 bxc6
15. Nb3 Qb4 16. a3 Qb6 17. Rb1 Rb8 18. Nec1 Ba6 19. Qe2 Nxd3 20. Qxd3 d5 21. Nd2
dxc4 22. Nxc4 Qc5 23. b3 Rfd8 24. Qc2 Bxc4+ 25. bxc4 Rxb1 0-1

[Event "Moscow Open C University Men"]
[Site "Moscow RUS"]
[Date "2011.02.04"]
[Round "7.27"]
[White "Shvydkin, Pavel"]
[Black "Koltunovsky, Evgeny"]
[Result "1-0"]
[WhiteElo "2064"]
[BlackElo "1806"]
[WhiteFideId "24148849"]
[BlackFideId "24101257"]
[EventDate "2011.01.29"]

1. e4 c5 2. Nc3 d6 3. g3 g6 4. Bg2 Bg7 5. d3 Nc6 6. f4 e6 7. Nf3 Nge7 8. O-O Nd4
9. Be3 O-O 10. e5 Nef5 11. Bf2 Nxf3+ 12. Qxf3 Nd4 13. Qd1 dxe5 14. fxe5 Bxe5 15.
Ne4 Nf5 16. c3 Qc7 17. Nxc5 Rb8 18. d4 Bd6 19. Qe2 h5 20. Kh1 b6 21. Na6 Bxa6
22. Qxa6 Kg7 23. Qd3 Rbd8 24. Rfe1 Rh8 25. d5 e5 26. b4 Ne7 27. a3 Rc8 28. Rac1
Qc4 29. Qxc4 Rxc4 30. Bf1 Rc7 31. c4 Rhc8 32. c5 bxc5 33. Ba6 cxb4 34. Bxc8 bxa3
35. Rxc7 Bxc7 36. Bb7 Bd6 37. Rc1 Nf5 38. Bc5 Bxc5 39. Rxc5 Nd4 40. Ra5 Nc2 41.
d6 Kf6 42. Bc8 e4 43. d7 Ke7 44. Re5+ 1-0

[Event "Moscow Open C University Men"]
[Site "Moscow RUS"]
[Date "2011.02.04"]
[Round "7.28"]
[White "Partskhaladze, David"]
[Black "Gureev, Dmitry"]
[Result "0-1"]
[WhiteElo "1755"]
[BlackElo "2038"]
[WhiteFideId "24133787"]
[BlackFideId "24144428"]
[EventDate "2011.01.29"]

1. e4 d6 2. d4 Nf6 3. f3 e5 4. dxe5 dxe5 5. Qxd8+ Kxd8 6. Bc4 Be6 7. Bxe6 fxe6
8. Nh3 Bc5 9. Nf2 Nc6 10. Nd3 Bd6 11. c3 Ke7 12. Bg5 h6 13. Bxf6+ gxf6 14. Nd2
Rhg8 15. g4 h5 16. h3 Kf7 17. Ke2 Bf8 18. Nf1 h4 19. Ne3 Bh6 20. Rad1 Rgd8 21.
Nc5 b6 22. Nb3 Ne7 23. Rxd8 Rxd8 24. Rd1 Rxd1 25. Nxd1 Ng6 26. Nf2 Nf4+ 27. Ke1
Ke8 28. Kd1 Kd7 29. Nc1 c5 30. c4 Ng6 31. Ne2 Ne7 32. Nd3 Nc6 33. b3 Kd6 34. Kc2
Be3 35. a3 Nd8 36. Ne1 Nf7 37. Ng2 Bf2 38. f4 exf4 39. Nexf4 Ng5 40. Kd3 e5 41.
Ng6 Nxh3 42. N6xh4 Bxh4 43. Nxh4 Nf2+ 44. Ke3 Nxg4+ 45. Kf3 Nh6 46. Nf5+ Nxf5
47. exf5 a5 48. a4 Ke7 49. Kg4 Kf7 50. Kf3 Kg7 51. Kg3 Kh6 52. Kg4 e4 53. Kf4 e3
54. Kxe3 Kg5 55. Ke4 Kg4 0-1

[Event "Moscow Open C University Men"]
[Site "Moscow RUS"]
[Date "2011.02.04"]
[Round "7.29"]
[White "Shikin, Sergey"]
[Black "Kvasov, Sergey"]
[Result "0-1"]
[WhiteElo "1797"]
[BlackElo "1961"]
[WhiteFideId "4140060"]
[BlackFideId "24145939"]
[EventDate "2011.01.29"]

1. e4 Nf6 2. Bc4 Nxe4 3. Bxf7+ Kxf7 4. Qh5+ g6 5. Qd5+ e6 6. Qxe4 d5 7. Qf4+ Kg8
8. Nf3 Bd6 9. Ne5 Qf8 10. d4 Qxf4 11. Bxf4 Nd7 12. Nd2 Nxe5 13. dxe5 Be7 14. Nf3
c5 15. O-O-O b5 16. Bg5 Bxg5+ 17. Nxg5 h6 18. Nh3 Kg7 19. f4 a5 20. Nf2 Rf8 21.
g3 c4 22. Ng4 b4 23. Nf6 a4 24. Kd2 a3 25. b3 cxb3 26. cxb3 Ba6 27. Rc1 Rfc8 28.
Ke3 d4+ 29. Kxd4 Rxc1 30. Rxc1 Rd8+ 31. Ke3 Rd3+ 32. Ke4 Rd2 33. Rc7+ Kf8 34.
Nd7+ Ke8 35. Nc5 Bf1 36. Nxe6 Rxa2 37. Rc1 Bh3 38. Nc7+ Kd7 39. Na6 Rb2 40. Ra1
Kc6 41. Nxb4+ Kb5 42. Nd3 Bf5+ 43. Kd5 Bxd3 44. e6 Rxb3 45. Rc1 Bf5 46. e7 Bd7
47. Rc7 Be8 48. Ke5 Kb4 49. Rc8 a2 50. Rb8+ Ka3 51. Ra8+ Kb2 0-1